| 000 | 00000nam 2200000zi 4500 |
| 001 | 9.932607 |
| 003 | CaOODSP |
| 005 | 20250820133507 |
| 006 | m o d f |
| 007 | cr mn||||||||| |
| 008 | 240117t20242024bccdb ob f000 0 eng d |
| 020 | |a9780660696768 |
| 040 | |aCaOODSP|beng|erda|cCaOODSP |
| 041 | 0 |aeng|beng|bfre |
| 043 | |an-cn-bc|apn----- |
| 045 | |ay1y1 |
| 086 | 1 |aFs97-13/1385E-PDF |
| 100 | 1 |aKing, J. R. |q(Jacquelynne R.), |d1968- |eauthor. |
| 245 | 10|aJuvenile Pacific salmon (Oncorhynchus spp.) trawl survey on the south coast of British Columbia, September 29-October 08, 2017 / |cJackie R. King, Amy M. Tabata, Kelsey L. Flynn, and Tyler B. Zubkowski. |
| 264 | 1|aNanaimo, British Columbia : |bPacific Biological Station, Fisheries and Oceans Canada, |c2024. |
| 264 | 4|c©2024 |
| 300 | |a1 online resource (vi, 39 pages) : |bcharts, maps. |
| 336 | |atext|btxt|2rdacontent |
| 337 | |acomputer|bc|2rdamedia |
| 338 | |aonline resource|bcr|2rdacarrier |
| 490 | 1 |aCanadian data report of fisheries and aquatic sciences, |x1488-5395 ; |v1385 |
| 504 | |aIncludes bibliographical references. |
| 546 | |aIncludes abstracts in English and French. |
| 650 | 0|aPacific salmon|xInfancy|zBritish Columbia|zPacific Coast. |
| 650 | 0|aFish surveys|zBritish Columbia|zPacific Coast. |
| 650 | 0|aEcological surveys|zBritish Columbia|zPacific Coast. |
| 650 | 6|aSaumoneau du Pacifique|zColombie-Britannique|zPacifique, Côte du. |
| 650 | 6|aInventaires ichtyologiques|zColombie-Britannique|zPacifique, Côte du. |
| 650 | 6|aInventaires écologiques|zColombie-Britannique|zPacifique, Côte du. |
| 710 | 1 |aCanada. |bDepartment of Fisheries and Oceans, |eissuing body. |
| 710 | 2 |aPacific Biological Station (1972- ), |eissuing body. |
| 830 | #0|aCanadian data report of fisheries and aquatic sciences ;|v1385.|w(CaOODSP)9.505124 |
| 856 | 40|qPDF|s755 KB|uhttps://publications.gc.ca/collections/collection_2024/mpo-dfo/Fs97-13-1385-eng.pdf |